The whole is more than the sum of its parts (Record no. 83138)

MARC details
000 -LEADER
fixed length control field 01029cab a22002055a 4500
001 - CONTROL NUMBER
control field L152890
008 - FIXED-LENGTH DATA ELEMENTS--GENERAL INFORMATION
fixed length control field 110511s2011 xxk f s 000 0 eng d
035 ## - SYSTEM CONTROL NUMBER
System control number (Sirsi) u152890
041 0# - LANGUAGE CODE
Language code of text/sound track or separate title eng
100 1# - MAIN ENTRY--PERSONAL NAME
Personal name Ellison, Simon
245 04 - TITLE STATEMENT
Title The whole is more than the sum of its parts
260 ## - PUBLICATION, DISTRIBUTION, ETC.
Date of publication, distribution, etc. 2011
490 #0 - SERIES STATEMENT
Series statement Building Engineer
Volume/sequential designation 86(5) May 2011, 20-21(2)
520 ## - SUMMARY, ETC.
Summary, etc. Fire glass is one of the most complex fire safety products on the market, bringing with it stringent testing parameters; best practice is to manage fire glass as a system specification and it must be tested as a complete system; why it is not sufficient to view fire glazing as a single product; examines the dangers of specifying materials independently; British Standards used in the UK until 2013; European (EN) Standards that will be used from 2013.
590 ## - LOCAL NOTE (RLIN)
Local note KA
651 #4 - SUBJECT ADDED ENTRY--GEOGRAPHIC NAME
Geographic name England and Wales
Chronological subdivision 1543-
690 ## - LOCAL SUBJECT ADDED ENTRY--TOPICAL TERM (OCLC, RLIN)
Topical term or geographic name as entry element BUILT ENVIRONMENT-BUILDING STANDARDS-FIRE REGULATIONS
690 ## - LOCAL SUBJECT ADDED ENTRY--TOPICAL TERM (OCLC, RLIN)
Topical term or geographic name as entry element MANAGEMENT-HEALTH AND SAFETY-FIRE SAFETY
942 ## - ADDED ENTRY ELEMENTS (KOHA)
Suppress in OPAC 0
Holdings
Withdrawn status Lost status Source of classification or shelving scheme Damaged status Not for loan Home library Current library Shelving location Date acquired Total Checkouts Full call number Barcode Date last seen Copy number Price effective from Koha item type
    Dewey Decimal Classification     London London Journal article 11/05/2011   L152890 152890-1001 06/08/2019 1 06/08/2019 Journal article